000 00722nam a2200229Ii 4500
003 JO-AjNU
008 230605s9999||||xx |||||||||||||| ||und||
017 _a2011/7/2603
020 _a978-9957-82-124-1
040 _aJO-AjNU
_bara
_erda
_cJO-AjNU
041 _aara
050 1 4 _aHG4026.D39 2013
100 3 _aداوود،نعيم نمر ,
_eauthor
_963959
245 0 0 _aالتحليل المالي بإستخدام برنامج EXCEL
250 _aط1
264 3 1 _aعمان:دار البدايةناشرون وموزعون،2013
300 _a287ص
336 _atext
_btxt
_2rdacontent
337 _aunmediated
_bn
_2rdamedia
338 _avolume
_bnc
_2rdacarrier
650 4 _aالمالية-تحليل
_963960
999 _aA29038
_c32606
_d32606